000 00868nam a2200253Ia 4500
003 OSt
005 20220923215753.0
006 a|||||r|||| 00| 0
007 ta
008 220922b |||||||| |||| 00| 0 hin d
024 _a181,671
037 _cTextual
040 _aARTS
_cARTS
_bhin
041 _2hin
_ahin
082 _aO152,1N338x, M7
100 _aअराज, ओमप्रकाश भाटिया
245 0 _aएन अविप्रायम्ः कविताएं
246 _aEn aviprāyahin kavitāean
260 _aनई दिल्ली
_b एकता प्रकाशन
_c1987
300 _a79 पृ.
_ccm.
650 _aहिन्दी साहित्य
_9156264
942 _hO152,1N338x, M7
_cTEXL
_2CC
999 _c335048
_d335048